000
00291nam a2200121Ia 4500
008
241002s9999 xx 000 0 und d
082
_a
370.1 BOD
100
_a
Bode, Boyd H.
245
0
_a
Modern Educational Theories
260
_a
New York:
_c
1927
600
_a
Social Sciences
942
_c
UC
999
_c
18533
_d
18533